000 00822nam a22003017a 4500
001 BR6002979
003 BR-BrBNA
005 20230928083143.0
007 ta
008 230509b bl.||||| |||| 00| 0 por d
040 _aBR-BrBNA
_bpor
_cBiblioteca Nacional de Agricultura
041 _a(Por)
072 _aF01; E70; Q01
_b0311
090 _ 0311 BR6002979
100 1 _aMoraes, P. de
245 1 _aO coqueiro. A sua cultura, industria e commercio
250 1 _a2. ed.
260 3 _aRio de Janeiro, GB (Brasil):
_bRevista dos Tribunaes,
_c1922.
300 _a134 p.
650 _aCOCO
650 _aPRATICA CULTURAL
650 _aTAXONOMIA VEGETAL
650 _aDOENCA DE PLANTA
650 _aPRAGA DE PLANTA
650 _aTECNOLOGIA DE ALIMENTO
909 _a202309
_bLucia
_c55
_dLucia Elande
942 _cBK
999 _c11858
_d11858